El punto Omega (Record no. 7549)

MARC details
000 -LEADER
campo de control de longitud fija 00722nam a2200241 i 4500
001 - NÚMERO DE CONTROL
campo de control 7549
003 - IDENTIFICADOR DE NÚMERO DE CONTROL
campo de control ES-MaACL
005 - FECHA Y HORA DE LA ÚLTIMA TRANSACCIÓN
campo de control 20250804004816.0
007 - CAMPO FIJO DE DESCRIPCIÓN FÍSICA--INFORMACIÓN GENERAL
campo de control de longitud fija t|
008 - DATOS DE LONGITUD FIJA--INFORMACIÓN GENERAL
campo de control de longitud fija 910304s1990 sp |||| | spa d
020 ## - NÚMERO INTERNACIONAL ESTÁNDAR DEL LIBRO
Número Internacional Estándar del Libro 84-206-0497-6
080 ## - NÚMERO DE LA CLASIFICACIÓN DECIMAL UNIVERSAL
Número de la Clasificación Decimal Universal 523.12
100 1# - ENTRADA PRINCIPAL--NOMBRE DE PERSONA
Nombre de persona Gribbin, John.
9 (RLIN) 59976
245 13 - MENCIÓN DEL TÍTULO
Título El punto Omega
Resto del título : la búsqueda de la masa perdida y el destino final del Universo /
Mención de responsabilidad, etc. John Gribbin.
260 ## - PUBLICACIÓN, DISTRIBUCIÓN, ETC.
Lugar de publicación, distribución, etc. Madrid :
Nombre del editor, distribuidor, etc. Alianza,
Fecha de publicación, distribución, etc. D.L. 1990.
300 ## - DESCRIPCIÓN FÍSICA
Extensión 290 p. ;
Dimensiones 19 cm.
490 1# - MENCIÓN DE SERIE
Mención de serie Libro de bolsillo ;
Designación de volumen o secuencia 1497
650 14 - PUNTO DE ACCESO ADICIONAL DE MATERIA--TÉRMINO DE MATERIA
Término de materia o nombre geográfico como elemento de entrada Cosmología.
9 (RLIN) 11389
650 #4 - PUNTO DE ACCESO ADICIONAL DE MATERIA--TÉRMINO DE MATERIA
Término de materia o nombre geográfico como elemento de entrada Astrofísica.
9 (RLIN) 135646
830 03 - PUNTO DE ACCESO ADICIONAL DE SERIE-TÍTULO UNIFORME
Título uniforme El libro de bolsillo
Designación de volumen o secuencia 1497
9 (RLIN) 177802
852 ## - LOCALIZACIÓN
Ubicación ES-MaACL
Número de control de estantería L-14808
Holdings
Estatus retirado Estado de pérdida Estado de daño No para préstamo Biblioteca de origen Biblioteca actual Ubicación en estantería Fecha de adquisición Fuente de adquisición Total de préstamos Signatura topográfica completa Código de barras Visto por última vez Precio de reemplazo Tipo de ítem Koha
        Biblioteca del Ateneo de Madrid Biblioteca del Ateneo de Madrid Depósito 2 17/01/2008     L-14808 1007702 23/02/2023 23/02/2023 Libro impreso